Камер-фурьерский церемониальный журнал. Походный журнал 1706, 1707, 1708 и 1709 годов

RUSMARC
00005439cam2a2200000#x 450
001d9a14da64fd9463ba34babad43e0e06d
00520220414152232.0
100##$a20130916l17061709k y0rusy0189 ca
1010#$arus
102##$aRU
251##$cДело
2250#$aОсновной русский фонд НСБ
$hОпись № 1
300##$aПечатное издание, в переплете
300##$aВыходные данные: СПб, 1854
300##$aИнформация из электронного каталога НСБ ФГУ РГИА
324##$aКнига
801#0$aRU
$bРГИА
$c20130916
801#1$aRU
$bГлавНИВЦ
$c20130916
$2rusmarc
801#2$aRU
$bПБ им. Б.Н. Ельцина
$c20130918
$gRCR
$2rusmarc
850##$aФедеральное казенное учреждение "Российский государственный исторический архив"
852##$aРГИА
$j69719
937##$aASBIBLIO_SCAN
$bРГИА_1:Б_1:_69719:
$d1693604
$hРГИА
2001#$aКамер-фурьерский церемониальный журнал. Походный журнал 1706, 1707, 1708 и 1709 годов
$j1706, 1707, 1708, 1709 года
215##$a20, 14, 34, 26 листов
035##$ad9a14da64fd9463ba34babad43e0e06d
1221#$ad1706######
$ad1707######
$ad1708######
$ad1709######
461#0$100117e61f42-a6e8-4708-ad7c-e53166a52bec
$12001
$aОсновной русский фонд НСБ РГИА
$1251
$cФонд
$1852
$j1 Б
462#0$100140c701d6-ea2f-4cb4-a574-fe54fae25a8c
$12000
$aОп. 1
$vД. 69719
$1251
$cОпись
$1852
$j1
686##$a63.3(2)511-8Петр Iю14
$2rubbk
$vLBC/M
686##$a63.3(2)511-3ю14
$2rubbk
$vLBC/M
605##$2acquisition_Prlib
$3DITM\AF\0000002775
$aВласть
$lколлекция
605##$2acquisition_Prlib
$3LIBNET\UAF\0000008152
$aДом Романовых
$lколлекция
605##$2acquisition_Prlib
$3LIBNET\UAF\0000099837
$aПетр I (1672–1725)
$lколлекция
600#0$aПетр
$cимператор российский
$dI
$f1672 – 1725
$jАрхивные дела
$2nlr_sh
$3RU\NLR\AUTH\66180638
60112$2nlr_sh
$3RU\NLR\AUTH\6601701064
$aВеликое посольство России в Западную Европу
$f1697 - 1698
$jАрхивные дела
Формат отображения